[Event "11. Senioren Team Europameiste"]
[Site "Velden - Casino"]
[Date "2009.04.05"]
[Round "1"]
[Board "3"]
[White "Ulrichsen, Jarl H"]
[Black "Pitt, Wolfgang"]
[Result "1-0"]
[WhiteElo "2227"]
[BlackElo "2056"]
[PlyCount "80"]
[EventDate "2009.04.05"]
[EventType "team"]
[EventRounds "9"]
[EventCountry "AUT"]
[WhiteTeam "Norwegen 1"]
[BlackTeam "Stiftung Bahn-Sozialwerk Berlin/DBAG"]

1.d4 g6 2.Nf3 Bg7 3.c3 Nf6 4.Bg5 d6 5.e3 O-O 6.Bc4 c6 7.Nbd2 Qc7 8.Bxf6 exf6
9.h4 h5 10.Nf1 Nd7 11.Ng3 Bh6 12.Bd3 Qa5 13.a3 Re8 14.b4 Qd5 15.Qe2 Qe6 16.Nd2
Qg4 17.Qxg4 hxg4 18.Ne2 f5 19.h5 Kg7 20.hxg6 fxg6 21.Nc4 Re6 22.g3 d5 23.Nb2 Nf6
24.Kd2 Bd7 25.c4 a6 26.c5 Rae8 27.Na4 R6e7 28.Nb6 Be6 29.a4 Nd7 30.Nxd7 Bxd7
31.b5 axb5 32.axb5 Bg5 33.Ra7 Bc8 34.Rb1 Kf7 35.Nc3 Bf6 36.bxc6 bxc6 37.Rxe7+
Rxe7 38.Rb6 Rc7 39.Ba6 Bd7 40.Ne2 g5 {and white was winning at move 48!}

[Event "11. Senioren Team Europameiste"]
[Site "Velden - Casino"]
[Date "2009.04.05"]
[Round "1"]
[Board "4"]
[White "Kaiser, Horst"]
[Black "Taksrud, Vidar"]
[Result "0-1"]
[WhiteElo "1865"]
[BlackElo "2191"]
[PlyCount "94"]
[EventDate "2009.04.05"]
[EventType "team"]
[EventRounds "9"]
[EventCountry "AUT"]
[WhiteTeam "Stiftung Bahn-Sozialwerk Berlin/DBAG"]
[BlackTeam "Norwegen 1"]

1.c4 e5 2.Nc3 Nf6 3.d3 Bb4 4.a3 Bxc3+ 5.bxc3 O-O 6.Bg5 d6 7.e4 Nbd7 8.Be2 c6
9.Nf3 h6 10.Bd2 Nc5 11.O-O Qe7 12.Be3 Rd8 13.Bxc5 dxc5 14.Nd2 Be6 15.Qc2 Nh7
16.f4 exf4 17.Rxf4 Nf8 18.Rf2 Ng6 19.Raf1 Ne5 20.Nb3 b6 21.a4 Rd7 22.Rd1 Rad8
23.Nc1 Qg5 24.Rff1 Bh3 25.Bf3 Nxf3+ 26.Rxf3 Bg4 27.Rg3 Bxd1 28.Qxd1 Qe5 29.Qe1
f5 30.Re3 f4 31.Rf3 Rf7 32.h3 Rd6 33.Ne2 Rdf6 34.Qh4 a6 35.Qg4 Rf8 36.Qd7 b5
37.axb5 axb5 38.cxb5 c4 39.dxc4 Qxe4 40.Nd4 c5 41.Nc6 Qxc4 42.Ne7+ Kh7 43.Nd5
Rf5 44.Nb6 Qf7 45.Qd3 Qg6 46.Nd5 c4 47.Qxc4 Qe6

[Event "11. Senioren Team Europameiste"]
[Site "Velden - Casino"]
[Date "2009.04.05"]
[Round "1"]
[Board "1"]
[White "Mujunen, Martti"]
[Black "Liebert, Heinz"]
[Result "0-1"]
[WhiteElo "2155"]
[BlackElo "2250"]
[PlyCount "46"]
[EventDate "2009.04.05"]
[EventType "team"]
[EventRounds "9"]
[EventCountry "AUT"]
[WhiteTeam "Helsinki 2"]
[BlackTeam "Sachsen-Anhalt"]

1.e4 c5 2.Be2 Nc6 3.Nf3 Nf6 4.e5 Ng4 5.b4 d6 6.exd6 Nxb4 7.h3 Nf6 8.dxe7 Bxe7
9.O-O O-O 10.Bb2 Bf5 11.d3 Nfd5 12.Nbd2 Bf6 13.Qc1 Nc3 14.Bxc3 Bxc3 15.Rb1 Re8
16.Re1 b6 17.a3 Na2 18.Qd1 Bf6 19.Nc4 Nc3 20.Qd2 Rxe2 21.Rxe2 Nxb1 22.Qf4 Nc3
23.Re1 Be6

[Event "11. Senioren Team Europameiste"]
[Site "Velden - Casino"]
[Date "2009.04.05"]
[Round "1"]
[Board "2"]
[White "Hottes, Dieter"]
[Black "Lyly, Seppo"]
[Result "0-1"]
[WhiteElo "2163"]
[BlackElo "2013"]
[PlyCount "80"]
[EventDate "2009.04.05"]
[EventType "team"]
[EventRounds "9"]
[EventCountry "AUT"]
[WhiteTeam "Sachsen-Anhalt"]
[BlackTeam "Helsinki 2"]

1.Nf3 c5 2.g3 Nc6 3.Bg2 g6 4.c4 Bg7 5.Nc3 e6 6.O-O Nge7 7.d3 O-O 8.a3 Rb8 9.Rb1
a6 10.Bf4 d6 11.Qc1 Nf5 12.Kh1 e5 13.Bd2 Nfd4 14.b4 cxb4 15.axb4 Nxf3 16.Bxf3
Nd4 17.Bg2 Bg4 18.Re1 Qd7 19.Kg1 b5 20.f3 Bf5 21.cxb5 axb5 22.e3 Nc6 23.e4 Be6
24.Be3 Ne7 25.Qd2 f5 26.d4 f4 27.Bf2 fxg3 28.hxg3 Bh3 29.Ra1 Bxg2 30.Kxg2 Nc6
31.d5 Nd4 32.Bxd4 exd4 33.Nd1 Rxf3 34.Kxf3 Qh3 35.Nf2 Rf8+ 36.Qf4 Rxf4+ 37.Kxf4
Qg2 38.Ng4 h5 39.e5 hxg4 40.e6 Qf3+

[Event "11. Senioren Team Europameiste"]
[Site "Velden - Casino"]
[Date "2009.04.05"]
[Round "1"]
[Board "3"]
[White "Koskinen, Veikko"]
[Black "Csulits, Anton"]
[Result "1/2-1/2"]
[WhiteElo "1999"]
[BlackElo "2207"]
[PlyCount "34"]
[EventDate "2009.04.05"]
[EventType "team"]
[EventRounds "9"]
[EventCountry "AUT"]
[WhiteTeam "Helsinki 2"]
[BlackTeam "Sachsen-Anhalt"]

1.Nf3 Nf6 2.g3 g6 3.Bg2 Bg7 4.O-O O-O 5.d3 c5 6.e4 d6 7.Nbd2 Nbd7 8.a4 a6 9.a5
b5 10.axb6 Nxb6 11.e5 Nfd5 12.Re1 Qc7 13.exd6 exd6 14.Nf1 Bb7 15.Ne3 Nxe3
16.fxe3 c4 17.c3 cxd3

[Event "11. Senioren Team Europameiste"]
[Site "Velden - Casino"]
[Date "2009.04.05"]
[Round "1"]
[Board "4"]
[White "Werchan, Hans"]
[Black "Laitinen, Martti"]
[Result "1-0"]
[WhiteElo "2174"]
[BlackElo "1855"]
[PlyCount "81"]
[EventDate "2009.04.05"]
[EventType "team"]
[EventRounds "9"]
[EventCountry "AUT"]
[WhiteTeam "Sachsen-Anhalt"]
[BlackTeam "Helsinki 2"]

1.Nf3 Nf6 2.c4 g6 3.b4 Bg7 4.Bb2 O-O 5.g3 d6 6.Bg2 e5 7.d3 c6 8.O-O Re8 9.Qc2
Nbd7 10.Nbd2 h6 11.a4 a6 12.Ne4 Nxe4 13.dxe4 Qe7 14.Rfd1 b6 15.a5 bxa5 16.Rxa5
Bb7 17.Qd3 Rad8 18.Qc2 Qe6 19.Nd2 Nf6 20.Nf1 d5 21.exd5 cxd5 22.Ne3 d4 23.Bxb7
dxe3 24.Rxa6 Rxd1+ 25.Qxd1 exf2+ 26.Kxf2 Qxc4 27.Qa4 Rd8 28.Bf3 Nd5 29.Ra8 Bf6
30.Rxd8+ Bxd8 31.Qa8 Qxb4 32.Qxd8+ Kh7 33.Qxd5 Qxb2 34.Qxf7+ Kh8 35.Qxg6 Qd4+
36.Kg2 Qe3 37.h4 e4 38.Qe8+ Kg7 39.Qe7+ Kh8 40.Qxe4 Qxe4 41.Bxe4

[Event "11. Senioren Team Europameiste"]
[Site "Velden - Casino"]
[Date "2009.04.05"]
[Round "1"]
[Board "1"]
[White "Malmdin, Nils-Ake"]
[Black "Nordby, Bernt"]
[Result "1-0"]
[WhiteElo "2260"]
[BlackElo "2159"]
[PlyCount "51"]
[EventDate "2009.04.05"]
[EventType "team"]
[EventRounds "9"]
[EventCountry "AUT"]
[WhiteTeam "Schweden I"]
[BlackTeam "Norwegen 2"]

1.e4 e6 2.d3 d5 3.Nd2 c5 4.g3 Nf6 5.Ngf3 Be7 6.Bg2 O-O 7.O-O Nc6 8.Re1 dxe4
9.dxe4 b6 10.e5 Nd5 11.Ne4 Bb7 12.c4 Ndb4 13.Nd6 Bxd6 14.exd6 Qd7 15.a3 Na6
16.Bf4 Rfe8 17.h4 Rad8 18.Bh3 Ba8 19.Qd3 f6 20.Rad1 Kh8 21.Kh2 Nab8 22.Qc3 Qb7
23.Rxe6 Nd4 24.Rxe8+ Rxe8 25.Nxd4 cxd4 26.Qxd4

[Event "11. Senioren Team Europameiste"]
[Site "Velden - Casino"]
[Date "2009.04.05"]
[Round "1"]
[Board "2"]
[White "Bjorgvik, Jan Arne"]
[Black "Nordstrom, Felix"]
[Result "1/2-1/2"]
[WhiteElo "1946"]
[BlackElo "2187"]
[PlyCount "90"]
[EventDate "2009.04.05"]
[EventType "team"]
[EventRounds "9"]
[EventCountry "AUT"]
[WhiteTeam "Norwegen 2"]
[BlackTeam "Schweden I"]

1.e4 c5 2.Nf3 e6 3.c3 d5 4.Bb5+ Nc6 5.exd5 Qxd5 6.O-O Bd7 7.d4 cxd4 8.Nxd4 Nxd4
9.Bxd7+ Qxd7 10.cxd4 Nf6 11.Nc3 Be7 12.Be3 O-O 13.Qf3 Rfd8 14.Rfd1 b6 15.Rac1
Kf8 16.h3 Nd5 17.Nxd5 Qxd5 18.Qxd5 Rxd5 19.Kf1 Bd6 20.Ke2 Ke7 21.Rc2 Rd8 22.Rdc1
h6 23.g3 f5 24.f4 Bb8 25.Rc8 Rxc8 26.Rxc8 Rd8 27.Rc2 Bd6 28.a4 Rd7 29.Rc4 Rc7
30.Kd3 a6 31.Rxc7+ Bxc7 32.Kc4 Kd6 33.b4 Kc6 34.b5+ axb5+ 35.axb5+ Kd6 36.Bd2
Kd7 37.h4 g6 38.d5 e5 39.Be3 e4 40.Bd4 h5 41.Be3 Bd8 42.Bd4 Bc7 43.Be5 Bd6
44.Bd4 Kc7 45.Be5 Kd7

[Event "11. Senioren Team Europameiste"]
[Site "Velden - Casino"]
[Date "2009.04.05"]
[Round "1"]
[Board "3"]
[White "Svensson, Leif"]
[Black "Kverndal, Leif"]
[Result "1/2-1/2"]
[WhiteElo "2158"]
[BlackElo "1941"]
[PlyCount "84"]
[EventDate "2009.04.05"]
[EventType "team"]
[EventRounds "9"]
[EventCountry "AUT"]
[WhiteTeam "Schweden I"]
[BlackTeam "Norwegen 2"]

1.d4 Nf6 2.Nc3 d5 3.Bg5 e6 4.e4 dxe4 5.Nxe4 Be7 6.Bxf6 Bxf6 7.Nf3 O-O 8.c3 b6
9.Bd3 Bb7 10.Qe2 Nd7 11.O-O Rc8 12.Rad1 Qe7 13.Bc2 Rfd8 14.Rfe1 g6 15.Qe3 c5
16.dxc5 Bxe4 17.Qxe4 Nxc5 18.Qe3 Rxd1 19.Rxd1 Rd8 20.Rxd8+ Qxd8 21.g4 Qd5 22.b3
Nd7 23.g5 Bg7 24.c4 Qc5 25.Qxc5 Nxc5 26.Kf1 a5 27.Ke2 f6 28.gxf6 Bxf6 29.Ke3 g5
30.h3 h5 31.Bg6 h4 32.Bc2 Kf7 33.a3 Ke7 34.Nd2 Bb2 35.b4 axb4 36.axb4 Na6 37.b5
Nb4 38.Bd3 Bc1 39.Be4 Kd6 40.Ke2 Bxd2 41.Kxd2 Ke5 42.Kc3 Na2+

[Event "11. Senioren Team Europameiste"]
[Site "Velden - Casino"]
[Date "2009.04.05"]
[Round "1"]
[Board "4"]
[White "Standal, Bard"]
[Black "Nyberg, Ulf"]
[Result "0-1"]
[WhiteElo "1922"]
[BlackElo "2142"]
[PlyCount "80"]
[EventDate "2009.04.05"]
[EventType "team"]
[EventRounds "9"]
[EventCountry "AUT"]
[WhiteTeam "Norwegen 2"]
[BlackTeam "Schweden I"]

1.Nf3 c5 2.e4 a6 3.d4 cxd4 4.Nxd4 Nf6 5.Nc3 e5 6.Nb3 Bb4 7.Bd3 d5 8.exd5 Qxd5
9.O-O Bxc3 10.bxc3 O-O 11.Qe2 e4 12.Bc4 Qc6 13.Nd4 Qc7 14.h3 Nc6 15.Nxc6 Qxc6
16.Bb2 Be6 17.Bb3 Rac8 18.Rad1 Bc4 19.Bxc4 Qxc4 20.Qxc4 Rxc4 21.Rd4 Rxd4 22.cxd4
Rc8 23.c3 Nd5 24.Rc1 Rc4 25.Kf1 f5 26.Ke2 Kf7 27.g3 Ke6 28.f3 b5 29.a3 Nb6
30.Ke3 Rc7 31.Kd2 Nc4+ 32.Kc2 e3 33.f4 Kd5 34.Re1 Ke4 35.Bc1 Re7 36.Re2 Kf3
37.Kd3 h5 38.h4 Re6 39.Re1 e2 40.a4 Kf2

[Event "11. Senioren Team Europameiste"]
[Site "Velden - Casino"]
[Date "2009.04.05"]
[Round "1"]
[Board "1"]
[White "Hicker, Harald"]
[Black "Weinwurm, Wolfgang"]
[Result "0-1"]
[WhiteElo "2108"]
[BlackElo "2152"]
[PlyCount "55"]
[EventDate "2009.04.05"]
[EventType "team"]
[EventRounds "9"]
[EventCountry "AUT"]
[WhiteTeam "Carinthia"]
[BlackTeam "Niederoesterreich"]

1.d4 Nf6 2.Nf3 g6 3.c4 Bg7 4.Nc3 O-O 5.e4 d6 6.Be2 e5 7.d5 a5 8.O-O Na6 9.Ne1
Nc5 10.Qc2 Bd7 11.Be3 Ne8 12.Nd3 b6 13.Nxc5 bxc5 14.Qd2 f5 15.exf5 gxf5 16.Bh6
Qf6 17.Bxg7 Nxg7 18.f4 e4 19.Rad1 h5 20.Qe3 Kf7 21.Rd2 Rh8 22.Nd1 Rhb8 23.Nc3 h4
24.Rf2 Rh8 25.Nd1 Rab8 26.Nc3 Qg6 27.Qh3 Rbc8 28.Nd1 {and black wins at move 39
by flag!}

[Event "11. Senioren Team Europameiste"]
[Site "Velden - Casino"]
[Date "2009.04.05"]
[Round "1"]
[Board "2"]
[White "Woeber, Friedrich"]
[Black "Peierl, Walter"]
[Result "1-0"]
[WhiteElo "2153"]
[BlackElo "1951"]
[PlyCount "153"]
[EventDate "2009.04.05"]
[EventType "team"]
[EventRounds "9"]
[EventCountry "AUT"]
[WhiteTeam "Niederoesterreich"]
[BlackTeam "Carinthia"]

1.e4 e6 2.d4 d5 3.Nd2 Nf6 4.e5 Nfd7 5.Bd3 f5 6.Ne2 c5 7.Nf4 Qe7 8.c3 cxd4 9.cxd4
Nc6 10.Nb3 Nxd4 11.Qh5+ g6 12.Nxg6 hxg6 13.Qxh8 Nxb3 14.axb3 Qb4+ 15.Kf1 Qd4
16.Be2 Qxe5 17.Qxe5 Nxe5 18.Be3 Nc6 19.Bb5 a6 20.f4 Bd7 21.h4 Rc8 22.Be2 Bg7
23.h5 Kf7 24.hxg6+ Kxg6 25.Bh5+ Kf6 26.Bc5 e5 27.fxe5+ Nxe5 28.Bd4 Kg5 29.Be2
Rh8 30.Rxh8 Bxh8 31.g3 f4 32.Kg2 fxg3 33.Kxg3 Kf5 34.Rf1+ Ke6 35.Bg4+ Nxg4
36.Bxh8 Kd6 37.Kf4 Nh6 38.Kg5 Ng8 39.Bg7 Be6 40.Bc3 Kc5 41.Rf4 d4 42.b4+ Kb5
43.Rxd4 Bc4 44.Rd7 Kc6 45.Rg7 Bd5 46.Be5 b6 47.Bd4 Kb5 48.Rg6 Kxb4 49.Rxb6+ Kc4
50.Bc3 Ne7 51.Rxa6 Nc6 52.Rb6 Kc5 53.Rb7 Kc4 54.Kf4 Kc5 55.Ke3 Kc4 56.Rg7 Kb5
57.Rg4 Kc5 58.Kd3 Bb3 59.Rg5+ Kb6 60.Bf6 Ba4 61.Kc4 Bd1 62.Bd4+ Kc7 63.Rg7+ Kd6
64.Rg6+ Kd7 65.Kc5 Bf3 66.b4 Be4 67.Rg7+ Ke6 68.b5 Nd8 69.Kb6 Nf7 70.Bc5 Bd3
71.Rg3 Be4 72.Kc7 Kd5 73.Be7 Ne5 74.b6 Ke6 75.Re3 Kf5 76.Rxe4 Kxe4 77.b7

[Event "11. Senioren Team Europameiste"]
[Site "Velden - Casino"]
[Date "2009.04.05"]
[Round "1"]
[Board "4"]
[White "Illner, Gerhard"]
[Black "Wernig, Klaus"]
[Result "1/2-1/2"]
[WhiteElo "2023"]
[BlackElo "1961"]
[PlyCount "31"]
[EventDate "2009.04.05"]
[EventType "team"]
[EventRounds "9"]
[EventCountry "AUT"]
[WhiteTeam "Niederoesterreich"]
[BlackTeam "Carinthia"]

1.d4 Nf6 2.Nf3 g6 3.e3 Bg7 4.Bd3 d6 5.Nbd2 Nbd7 6.O-O O-O 7.c3 e5 8.dxe5 Nxe5
9.Nxe5 dxe5 10.Qe2 Nd5 11.Bc4 Be6 12.Bxd5 Qxd5 13.e4 Qd7 14.Nf3 Rad8 15.Bg5 f6
16.Rfd1

[Event "11. Senioren Team Europameiste"]
[Site "Velden - Casino"]
[Date "2009.04.05"]
[Round "1"]
[Board "1"]
[White "Kwatschewsky, Leo"]
[Black "Scholvin, Erich"]
[Result "1/2-1/2"]
[WhiteElo "2238"]
[BlackElo "2104"]
[PlyCount "68"]
[EventDate "2009.04.05"]
[EventType "team"]
[EventRounds "9"]
[EventCountry "AUT"]
[WhiteTeam "Wien 2"]
[BlackTeam "ASKOE Finkenstein 1"]

1.e4 c5 2.Nf3 Nc6 3.d4 cxd4 4.Nxd4 e5 5.Nb5 d6 6.Be3 a6 7.N5c3 Be6 8.Nd2 Nf6
9.Be2 Be7 10.O-O O-O 11.Bf3 d5 12.exd5 Nxd5 13.Nxd5 Bxd5 14.c3 Bxf3 15.Qxf3 Bg5
16.Rfd1 Bxe3 17.Qxe3 Qe7 18.f3 Rad8 19.Ne4 Rxd1+ 20.Rxd1 Rd8 21.Qe2 Rxd1+
22.Qxd1 Qd8 23.Qxd8+ Nxd8 24.Nc5 f6 25.Kf2 Kf7 26.Ke3 Ke7 27.b4 f5 28.g3 Kd6
29.Kd3 g5 30.h4 gxh4 31.gxh4 h5 32.a3 a5 33.Kc4 axb4 34.axb4 Kc6

[Event "11. Senioren Team Europameiste"]
[Site "Velden - Casino"]
[Date "2009.04.05"]
[Round "1"]
[Board "2"]
[White "Melcher, Jakob"]
[Black "Bukacek, Emil"]
[Result "0-1"]
[WhiteElo "1898"]
[BlackElo "2211"]
[PlyCount "54"]
[EventDate "2009.04.05"]
[EventType "team"]
[EventRounds "9"]
[EventCountry "AUT"]
[WhiteTeam "ASKOE Finkenstein 1"]
[BlackTeam "Wien 2"]

1.e4 e5 2.Nf3 d6 3.Be2 Nf6 4.d3 g6 5.h3 Bg7 6.Nh2 d5 7.Bg5 dxe4 8.Bxf6 Qxf6
9.dxe4 Qb6 10.b3 Nc6 11.c3 O-O 12.Nd2 Be6 13.O-O Rad8 14.Qc2 Qc5 15.Qb2 Qe7
16.Rad1 Bh6 17.Bg4 f5 18.exf5 gxf5 19.Be2 e4 20.Nc4 Bg7 21.f4 b5 22.Ne5 Nxe5
23.fxe5 Bxe5 24.Rxd8 Rxd8 25.Rd1 Rxd1+ 26.Bxd1 Bxh2+ 27.Kxh2 Qd6+

[Event "11. Senioren Team Europameiste"]
[Site "Velden - Casino"]
[Date "2009.04.05"]
[Round "1"]
[Board "3"]
[White "Stuerzenbaum, Arthur"]
[Black "Regatschnig, Horst"]
[Result "1/2-1/2"]
[WhiteElo "2189"]
[BlackElo "1883"]
[PlyCount "37"]
[EventDate "2009.04.05"]
[EventType "team"]
[EventRounds "9"]
[EventCountry "AUT"]
[WhiteTeam "Wien 2"]
[BlackTeam "ASKOE Finkenstein 1"]

1.e4 c5 2.Nf3 Nc6 3.d4 cxd4 4.Nxd4 e5 5.Nb5 d6 6.N1c3 a6 7.Na3 b5 8.Nd5 f5 9.Bd3
f4 10.c4 bxc4 11.Nxc4 Rb8 12.O-O Nf6 13.Qa4 Bd7 14.Qa3 Nxd5 15.exd5 Nb4 16.Bd2
Nxd3 17.Qxd3 Bb5 18.Rfc1 Be7 19.h3

[Event "11. Senioren Team Europameiste"]
[Site "Velden - Casino"]
[Date "2009.04.05"]
[Round "1"]
[Board "4"]
[White "Gallob, Alois"]
[Black "Hirsch, Adolf"]
[Result "0-1"]
[WhiteElo "1883"]
[BlackElo "2057"]
[PlyCount "111"]
[EventDate "2009.04.05"]
[EventType "team"]
[EventRounds "9"]
[EventCountry "AUT"]
[WhiteTeam "ASKOE Finkenstein 1"]
[BlackTeam "Wien 2"]

1.Nf3 Nf6 2.g3 g6 3.Bg2 Bg7 4.d3 d5 5.Nbd2 O-O 6.O-O c5 7.e4 Nc6 8.h3 Qc7 9.Re1
Rd8 10.Qe2 e5 11.c3 b6 12.exd5 Nxd5 13.Nc4 f6 14.Nfd2 Ba6 15.Ne4 Rd7 16.Qf3 Rf8
17.a4 Nde7 18.Rb1 h6 19.g4 f5 20.gxf5 gxf5 21.Ng3 e4 22.Qh5 Kh7 23.Nxe4 Bxc4
24.dxc4 fxe4 25.Bxe4+ Kg8 26.Bxh6 Bxh6 27.Qxh6 Nf5 28.Qe6+ Rdf7 29.Kh1 Kh8
30.Bxf5 Rxf5 31.Qh6+ Qh7 32.Re6 Nd8 33.Qxh7+ Kxh7 34.Re7+ R5f7 35.Rbe1 Nc6
36.R7e6 Na5 37.R1e4 Rxf2 38.b4 Nb3 39.Rg4 R8f6 40.Re7+ Rf7 41.Re5 R2f5 42.Re2
Rg7 43.Rxg7+ Kxg7 44.Re7+ Rf7 45.Re2 Kg6 46.Kg2 Rf4 47.Rb2 Nc1 48.a5 Rxc4
49.bxc5 bxa5 50.Rb5 a4 51.Ra5 Nb3 52.Rxa7 Nxc5 53.Kg3 Rxc3+ 54.Kg4 a3 55.Ra5
Rc4+ 56.Kf3

[Event "11. Senioren Team Europameiste"]
[Site "Velden - Casino"]
[Date "2009.04.05"]
[Round "1"]
[Board "1"]
[White "Groiss, Karl"]
[Black "Clemens, Christian Dr"]
[Result "0-1"]
[WhiteElo "2058"]
[BlackElo "2291"]
[PlyCount "84"]
[EventDate "2009.04.05"]
[EventType "team"]
[EventRounds "9"]
[EventCountry "AUT"]
[WhiteTeam "SK Volksbank Lienz"]
[BlackTeam "Niedersachsen"]

1.d4 f5 2.g3 Nf6 3.c4 g6 4.Bg2 Bg7 5.Nc3 O-O 6.Nf3 d6 7.O-O c6 8.b3 Qa5 9.Bd2
Qc7 10.Rc1 e5 11.e3 e4 12.Ng5 h6 13.Nh3 g5 14.f3 exf3 15.Bh1 Na6 16.a3 Qf7
17.Nf2 g4 18.Nd3 Bd7 19.Nf4 Rfe8 20.Rf2 Nc7 21.Qc2 Ne4 22.Nxe4 Rxe4 23.h3 Rae8
24.hxg4 fxg4 25.Rh2 Bf5 26.Qd1 Ne6 27.Nd3 Ng5 28.Nf2 R4e7 29.Rh4 h5 30.b4 Ne4
31.Nxe4 Rxe4 32.Rh2 Bh6 33.Rf2 Bxe3 34.Bxe3 Rxe3 35.Qd2 Qe7 36.Rcf1 Bd3 37.Rc1
Re1+ 38.Kh2 Re2 39.Qxd3 Rxf2+ 40.Kg1 Re2 41.Qg6+ Qg7 42.Qxd6 Qg5

[Event "11. Senioren Team Europameiste"]
[Site "Velden - Casino"]
[Date "2009.04.05"]
[Round "1"]
[Board "2"]
[White "Dornieden, Manfred"]
[Black "Bodner, Alfred"]
[Result "1-0"]
[WhiteElo "2264"]
[BlackElo "2023"]
[PlyCount "47"]
[EventDate "2009.04.05"]
[EventType "team"]
[EventRounds "9"]
[EventCountry "AUT"]
[WhiteTeam "Niedersachsen"]
[BlackTeam "SK Volksbank Lienz"]

1.c4 c5 2.Nc3 Nc6 3.g3 Nf6 4.Bg2 e6 5.Nf3 d5 6.O-O d4 7.Nb5 a6 8.Na3 Bd6 9.d3
Bd7 10.Nc2 b5 11.b4 bxc4 12.bxc5 Bxc5 13.dxc4 e5 14.e3 d3 15.Ncd4 e4 16.Nd2 Nxd4
17.exd4 Bxd4 18.Nxe4 Nxe4 19.Bxe4 Bxa1 20.Ba3 Be5 21.Re1 Rc8 22.Bd5 f6 23.Rxe5+
fxe5 24.Qh5+

[Event "11. Senioren Team Europameiste"]
[Site "Velden - Casino"]
[Date "2009.04.05"]
[Round "1"]
[Board "3"]
[White "Brandstaetter, Walter"]
[Black "Durst, Uwe"]
[Result "0-1"]
[WhiteElo "1988"]
[BlackElo "2092"]
[PlyCount "116"]
[EventDate "2009.04.05"]
[EventType "team"]
[EventRounds "9"]
[EventCountry "AUT"]
[WhiteTeam "SK Volksbank Lienz"]
[BlackTeam "Niedersachsen"]

1.d4 f5 2.h3 b6 3.Bf4 Nf6 4.g4 Bb7 5.Nf3 e6 6.Rg1 fxg4 7.hxg4 Bd6 8.Ne5 Qe7 9.e3
Nc6 10.g5 Bxe5 11.dxe5 Nd5 12.c3 O-O-O 13.Bh2 Rdf8 14.Qd2 Qf7 15.f4 Qh5 16.Qe2
Qxe2+ 17.Kxe2 Ba6+ 18.Kf3 Bxf1 19.Rxf1 Nxe5+ 20.Ke4 Ng4 21.Bg1 h6 22.gxh6 Rxh6
23.Nd2 Rfh8 24.c4 Ndf6+ 25.Kd3 e5 26.Ne4 exf4 27.Rxf4 Ne5+ 28.Kd4 Ng6 29.Rxf6
gxf6 30.Nxf6 Nh4 31.Nd5 Nf3+ 32.Ke4 Ng5+ 33.Kd3 Rh1 34.Nf4 Nf3 35.Ne2 Rg8 36.Rf1
Nxg1 37.b3 Nh3 38.Rf7 Ng5 39.Rf5 Ne6 40.b4 Kb7 41.Nc3 Rf8 42.Re5 Rh6 43.c5 bxc5
44.bxc5 Kc6 45.Kc4 Rg6 46.Nd5 Rg5 47.Ne7+ Kb7 48.c6+ dxc6 49.Rxe6 Re8 50.Nxc6
Rxe6 51.Nd8+ Kb6 52.Nxe6 Re5 53.Nf4 Kc6 54.Kd4 Ra5 55.Nd3 Kd6 56.Nc1 Ra4+ 57.Kc3
Kd5 58.Nd3 Ra3+

[Event "11. Senioren Team Europameiste"]
[Site "Velden - Casino"]
[Date "2009.04.05"]
[Round "1"]
[Board "1"]
[White "Rooze, Jan"]
[Black "Wood, Peter C"]
[Result "1-0"]
[WhiteElo "2283"]
[BlackElo "1965"]
[PlyCount "37"]
[EventDate "2009.04.05"]
[EventType "team"]
[EventRounds "9"]
[EventCountry "AUT"]
[WhiteTeam "Belgien"]
[BlackTeam "England 2"]

1.e4 e6 2.d4 d5 3.Nd2 c5 4.Ngf3 Nc6 5.exd5 Qxd5 6.Bc4 Qd8 7.O-O cxd4 8.Nb3 Nf6
9.Qe2 a6 10.Rd1 Qc7 11.Nbxd4 Nxd4 12.Rxd4 Bd6 13.Bg5 O-O 14.Bxf6 gxf6 15.Qd2 Be7
16.Qh6 f5 17.Bd3 f6 18.Rg4+ Kf7 19.Qh5#

[Event "11. Senioren Team Europameiste"]
[Site "Velden - Casino"]
[Date "2009.04.05"]
[Round "1"]
[Board "2"]
[White "Pemberton, Clive H"]
[Black "Van Herck, Marcel"]
[Result "0-1"]
[WhiteElo "1908"]
[BlackElo "2182"]
[PlyCount "80"]
[EventDate "2009.04.05"]
[EventType "team"]
[EventRounds "9"]
[EventCountry "AUT"]
[WhiteTeam "England 2"]
[BlackTeam "Belgien"]

1.e4 c5 2.d4 cxd4 3.Bc4 Nf6 4.Nf3 Nc6 5.O-O Nxe4 6.Nxd4 d5 7.Bb5 Bd7 8.Bf4 e6
9.c4 Be7 10.Nc3 Nxc3 11.bxc3 O-O 12.Qa4 Nxd4 13.cxd4 Bxb5 14.Qxb5 dxc4 15.Qxc4
Rc8 16.Qa4 a6 17.Rac1 Qd5 18.Be5 Rfd8 19.Rfd1 f6 20.Bc7 Rd7 21.Bb6 Rxc1 22.Rxc1
Kf7 23.Qb3 Qxb3 24.axb3 Rd6 25.Bc5 Rc6 26.Rc4 b6 27.Bxe7 Rxc4 28.bxc4 Kxe7
29.Kf1 Kd6 30.Ke2 e5 31.d5 b5 32.Kd3 Kc5 33.cxb5 axb5 34.Kc3 Kxd5 35.Kb4 Kc6
36.g4 g6 37.h4 f5 38.g5 e4 39.Kc3 Kc5 40.Kd2 f4

[Event "11. Senioren Team Europameiste"]
[Site "Velden - Casino"]
[Date "2009.04.05"]
[Round "1"]
[Board "3"]
[White "Maes, Valeer"]
[Black "Harris, J Leonard"]
[Result "1-0"]
[WhiteElo "2151"]
[BlackElo "1840"]
[PlyCount "71"]
[EventDate "2009.04.05"]
[EventType "team"]
[EventRounds "9"]
[EventCountry "AUT"]
[WhiteTeam "Belgien"]
[BlackTeam "England 2"]

1.d4 e6 2.Nf3 f5 3.g3 Nf6 4.Bg2 Be7 5.O-O O-O 6.c4 d5 7.Nbd2 c6 8.b3 Ne4 9.Bb2
Nd7 10.Qc2 Ndf6 11.Ne5 Bd7 12.f3 Nxd2 13.Qxd2 Rc8 14.Rac1 c5 15.cxd5 exd5
16.Rfd1 Re8 17.e3 Bb5 18.a4 Ba6 19.dxc5 Bxc5 20.b4 Bd6 21.f4 Rxc1 22.Bxc1 Bxe5
23.fxe5 Rxe5 24.b5 Bxb5 25.axb5 Qe8 26.Bb2 Rxe3 27.Bxf6 gxf6 28.Qxd5+ Kg7
29.Qd7+ Re7 30.Qxe8 Rxe8 31.Rd7+ Kg6 32.Rxb7 Re1+ 33.Bf1 Ra1 34.Kf2 Ra3 35.Rd7
h6 36.h4

[Event "11. Senioren Team Europameiste"]
[Site "Velden - Casino"]
[Date "2009.04.05"]
[Round "1"]
[Board "4"]
[White "Rety, John"]
[Black "Hajenius, Willem"]
[Result "0-1"]
[WhiteElo "1903"]
[BlackElo "2076"]
[PlyCount "37"]
[EventDate "2009.04.05"]
[EventType "team"]
[EventRounds "9"]
[EventCountry "AUT"]
[WhiteTeam "England 2"]
[BlackTeam "Belgien"]

1.Nf3 Nf6 2.c4 g6 3.Nc3 Bg7 4.g3 c6 5.Bg2 d6 6.d4 O-O 7.O-O Nbd7 8.e4 e5 9.d5
cxd5 10.cxd5 Nc5 11.Re1 a5 12.Qc2 Bd7 13.Bg5 h6 14.Be3 Rc8 15.Nd2 Na4 16.Qb3
Nxc3 17.bxc3 b5 18.Qa3 Qe8 19.Rec1 {unleserlich!}

[Event "11. Senioren Team Europameiste"]
[Site "Velden - Casino"]
[Date "2009.04.05"]
[Round "1"]
[Board "1"]
[White "Kristiansen, Erling"]
[Black "Villing, Dieter"]
[Result "1/2-1/2"]
[WhiteElo "2231"]
[BlackElo "2220"]
[PlyCount "93"]
[EventDate "2009.04.05"]
[EventType "team"]
[EventRounds "9"]
[EventCountry "AUT"]
[WhiteTeam "Norwegen 4"]
[BlackTeam "Stiftung Bahn-Sozialwerk/DBAG I"]

1.d4 d6 2.c4 e5 3.Nf3 e4 4.Nfd2 f5 5.Nc3 Nf6 6.e3 c6 7.b4 a6 8.Bb2 Be7 9.d5 O-O
10.Nb3 Nbd7 11.dxc6 bxc6 12.b5 Ne5 13.bxc6 Nxc6 14.Nd5 Be6 15.Nxe7+ Qxe7 16.Be2
Nd7 17.O-O Nde5 18.Rc1 Rad8 19.Qd2 Qh4 20.Nd4 Nxd4 21.Qxd4 Rf6 22.f4 Ng4 23.Bxg4
Qxg4 24.Qd1 Rf7 25.Qxg4 fxg4 26.Rfd1 Rb7 27.Ba3 Rbd7 28.Rd4 d5 29.c5 Rc8 30.Rb1
Rc6 31.Rb2 Kf7 32.Kf2 Kf6 33.Ra4 Rdc7 34.Rb8 Bc8 35.Bb2+ Kf5 36.Bd4 Rb7 37.Rb4
Rxb4 38.Rxb4 g5 39.fxg5 Kxg5 40.Rb8 h5 41.g3 Kf5 42.Ke1 Ke6 43.Kd2 Kd7 44.Kc3
Rh6 45.Be5 Rc6 46.Kd4 Ke6 47.Rb2